00526nam a22001697a 45000050016000000100015000160200025000310350013000560370013000690820011000821000013000932450077001062600058001832700070002413000026003115000019003372010081302092.0 aENG-100207 a9788172087302c38.00 aEN-83739 bDBAD/PUB a230.35 aSai Baba aSutra Vahini :bstream of aphorisms on Brahman /cby Sri Sathya Sai Baba aPrasanthi NilayambSri Sathya Sai Sadhana Trustc2009 aPrasanthi Nilayam , Andhra PradeshbAnantapur Disitrict,e515134 avii,118p.c21cm (pbk) aIncludes index